000 00944 a2200241 4500
005 20260407104706.0
008 260407b |||||||| |||| 00| 0 eng d
020 _a9788173098291 (pbk)
037 _cTB
040 _aCRL
_cCRL
041 _2hin
_ahin
084 _aO152:g Q4
_qCRL
100 _aदेवराज
_9862908
245 _aपरत दर परत
260 _aनई दिल्ली, भारत:
_bसस्ता साहित्य मण्डल प्रकाशन,
_c2014.
300 _a345पृ.
365 _b220.00
_cINR
650 _aआलोचना
650 _aहिन्दी साहित्य
700 _aसेठ, राजी
_eसम्पादक
_9159619
942 _cTB
_2CC
_hO152:g Q4
999 _c1467253
_d1467253